Yleistieto #56 - Statistics

Yleistilastot
  • Tätä visaa on pelattu 450 kertaa
  • Keskiarvotulos 5 / 13
Vastaustilastot
Vinkki Vastaus % Oikein
Mikä on Monacon virallinen kieli? Ranska
92%
Minkä hedelmän lajikkeita on Pink Lady? Omenan
82%
Kenen hitti on "Moottoritie on kuuma"? Pelle Miljoonan
80%
Minkä yhtyeen levy on 'Abbey Road'? The Beatles
69%
Mikä oli Belgian rahayksikkö ennen euroa? Belgian frangi
43%
Mikä on Ruotsin kuningasperheen sukunimi? Bernadotte
37%
Mikä puu on Libanonin lipussa? Setri
35%
Missä Yhdysvaltojen osavaltiossa on Yosemiten kansallispuisto? Kaliforniassa
34%
Kenen kirjoittama on Millennium-sarja Stieg Larssonin
18%
Minkä bändin hitti on "Fight for your Right"? Beastie Boys
17%
Kuka on ohjannut elokuvan"Kuin Raivo Härkä"? Martin Scorsese
14%
Millä öljyllä saadaan 'Earl Grey'-teehen omalaatuinen maku? Bergamotti -öljyllä
8%
Mikä on Indonesian toiseksi suurin kaupunki? Surabaya
7%
Ehtoja vastaavia visoja ei löytynyt
Tulosjakauma
Jokaisen tuloksen saaneiden osuus
Persentiili vastausten määrän mukaan
Tuloshistoriasi
Et ole pelannut tätä visaa